The land must be distributed equally : (Record no. 10050)
[ view plain ]
| 000 -LEADER | |
|---|---|
| fixed length control field | 00784nam a22002297a 4500 |
| 003 - CONTROL NUMBER IDENTIFIER | |
| control field | GBCCL |
| 005 - DATE AND TIME OF LATEST TRANSACTION | |
| control field | 20241126110724.0 |
| 008 - FIXED-LENGTH DATA ELEMENTS--GENERAL INFORMATION | |
| fixed length control field | 240216b ||||| |||| 00| 0 eng d |
| 020 ## - INTERNATIONAL STANDARD BOOK NUMBER | |
| International Standard Book Number | 9788184650235, |
| 020 ## - INTERNATIONAL STANDARD BOOK NUMBER | |
| International Standard Book Number | 818465023X |
| 040 ## - CATALOGING SOURCE | |
| Transcribing agency | GBC |
| 082 ## - DEWEY DECIMAL CLASSIFICATION NUMBER | |
| Classification number | 221.6 |
| Item number | FAC |
| 100 ## - MAIN ENTRY--PERSONAL NAME | |
| Personal name | Fachhai, Laiu |
| 9 (RLIN) | 17452 |
| 245 ## - TITLE STATEMENT | |
| Title | The land must be distributed equally : |
| Remainder of title | the promise and covenant aspects of land in the Old Testament / |
| Statement of responsibility, etc. | Laiu Fachhai |
| 260 ## - PUBLICATION, DISTRIBUTION, ETC. | |
| Place of publication, distribution, etc. | Delhi, |
| Name of publisher, distributor, etc. | ISPCK, |
| Date of publication, distribution, etc. | 2009 |
| 300 ## - PHYSICAL DESCRIPTION | |
| Extent | 249 pages : |
| Other physical details | illustrations, maps ; |
| Dimensions | 22 cm |
| 650 ## - SUBJECT ADDED ENTRY--TOPICAL TERM | |
| Topical term or geographic name entry element | Bible. |
| Form subdivision | Old Testament |
| 9 (RLIN) | 6826 |
| 650 ## - SUBJECT ADDED ENTRY--TOPICAL TERM | |
| Topical term or geographic name entry element | Bible. |
| Form subdivision | Old Testament |
| General subdivision | Criticism, interpretation, etc |
| 9 (RLIN) | 11525 |
| 650 ## - SUBJECT ADDED ENTRY--TOPICAL TERM | |
| Topical term or geographic name entry element | Covenants |
| Form subdivision | Religious aspects |
| General subdivision | Judaism |
| 9 (RLIN) | 17453 |
| 650 ## - SUBJECT ADDED ENTRY--TOPICAL TERM | |
| Topical term or geographic name entry element | Land settlement |
| 9 (RLIN) | 17454 |
| 942 ## - ADDED ENTRY ELEMENTS (KOHA) | |
| Source of classification or shelving scheme | Dewey Decimal Classification |
| Koha item type | Books |
| Withdrawn status | Lost status | Source of classification or shelving scheme | Damaged status | Not for loan | Home library | Current Library | Shelving location | Date acquired | Total checkouts | Full call number | Barcode | Date last seen | Date last checked out | Copy number | Price effective from | Koha item type |
|---|---|---|---|---|---|---|---|---|---|---|---|---|---|---|---|---|
| Dewey Decimal Classification | GRACE BIBLE COLLEGE | GRACE BIBLE COLLEGE | Biblical Studies | 2024-02-16 | 3 | 221.6 FAC | 016503 | 2026-02-19 | 2026-02-16 | c.1 | 2024-02-16 | Books | ||||
| Dewey Decimal Classification | GRACE BIBLE COLLEGE | GRACE BIBLE COLLEGE | Biblical Studies | 2024-02-16 | 221.6 FAC | 016504 | 2025-05-01 | c.2 | 2024-02-16 | Books |